MARC

LEADER 00000nam0a2200000 4500
001 202426
005 20231031185348.0
010 |a 9785980150297 
035 |a (RuTPU)RU\TPU\book\220583 
090 |a 202426 
100 |a 20111012d2008 k y0rusy50 ca 
101 0 |a rus 
102 |a RU 
105 |a a z 001zy 
200 1 |a Распределенное производство энергии  |f В. М. Зайченко, А. Д. Цой, В. Я. Штеренберг  |g Российская академия наук (РАН), Институт высоких температур (ИВТ) 
210 |a Москва  |c БуКос  |d 2008 
215 |a 208 с.  |c ил. 
606 1 |a Топливно энергетические комплексы  |2 stltpush  |3 (RuTPU)RU\TPU\subj\60946 
610 1 |a энергетика 
610 1 |a энергия 
610 1 |a распределенное производство 
610 1 |a централизованное производство 
610 1 |a электроэнергия 
610 1 |a потребители 
610 1 |a собственные нужды 
610 1 |a тепловые энергоносители 
610 1 |a цены 
610 1 |a тарифы 
610 1 |a тепловая энергия 
610 1 |a энергетические технологии 
610 1 |a газотурбинные установки 
610 1 |a дизельные установки 
610 1 |a газопоршневые установки 
610 1 |a горячая вода 
610 1 |a пар 
610 1 |a котельные установки 
610 1 |a паротурбинные установки 
675 |a 620.91  |v 3 
700 1 |a Зайченко  |b В. М. 
701 1 |a Цой  |b А. Д. 
701 1 |a Штеренберг  |b В. Я. 
712 0 2 |a Российская академия наук (РАН)  |b Институт высоких температур (ИВТ)  |c (Москва)  |2 stltpush  |3 (RuTPU)RU\TPU\col\1101 
801 1 |a RU  |b 63413507  |c 20111012 
801 2 |a RU  |b 63413507  |c 20111020  |g RCR 
900 |a Производство и распределение электрической энергии 
942 |c BK